Tramwaje Warszawa- Linia 28 (przystanki) - Statystyki

Ogólne statystyki
  • Ten quiz został rozwiązany 70 razy
  • Średni wynik to 13 z 20
Statystyki odpowiedzi
Numer przystanku Nazwa przystanku % Poprawnych
4. Dworzec Wileński
78%
20. Piaski
78%
14. Rondo "Radosława"
78%
1. Dworzec Wschodni (Kijowska)
76%
10. Most Gdański
76%
7. Rondo Starzyńskiego
73%
8. Rondo Starzyńskiego
73%
15. Plac Grunwaldzki
71%
5. Ratuszowa-ZOO
71%
12. Dworzec Gdański
69%
2. Kijowska
69%
16. Sady Żoliborskie
69%
3. Ząbkowska
69%
11. Park Traugutta
67%
13. Baseny Inflancka
65%
9. Wybrzeże Helskie
65%
18. Park Olszyna
63%
6. Plac Hallera
57%
17. Włościańska
45%
19. Romaszweskiego
0%
Nie znaleziono quizów pasujących do podanych kryteriów
Rozkład punktacji
Procent ludzi z każdym wynikiem
Percentyl według liczby udzielonych odpowiedzi
Twoja historia wyników
Nie rozwiązałeś tego quizu